LEADER 00926nam a2200241 i 4500 001 000000067229 003 CaOOAMICUS 005 19990218000000.0 008 990218s1989 it u000 u ita u 013 $a38401 020 $a88-06-11496-4 040 $aSeMil$bita 245 12$aL'età contemporanea. 300 $aXXI, 1355 p., [48] p. di tav. 650 4$aLetteratura italiana - Sec. 19.$0(OLS)http://semarc/subject/7216 650 4$aLetteratura italiana - Sec. 20.$0(OLS)http://semarc/subject/1259 773 0 $tLetteratura italiana.$dTorino : Giulio Einaudi, 1982.$w()1150 773 0 $tStoria e geografia.$gVolume3$w()3337 850 $aSeMil 852 $aSeMil$W1$xVenegono$y1$mSL1.D IV 9$j33382$B33382$CSeMilBibl$Z2$F33385 $8I 961 $aOmaggio: Brambilla don Franco Giulio 996 $6020$a88-06-11496-4$9(OLS)http://semarc/number/45086 996 $6245$aL'età contemporanea$9(OLS)http://semarc/title/22391 LEADER 01355nam a2200289 4500 001 000000330821 003 CaOOAMICUS 005 20181107102729.0 008 181022s1987 it 000 u ita r 020 $a88-215-1288-6 040 $aSeMil$bita 100 1 $aFretheim, Terence E.$0(OLS)http://semarc/name/57699 240 14$aThe suffering of God.$0(OLS)http://semarc/title/419377 245 13$aIl Dio compromesso : $buna meditazione sull'Antico Testamento /$cTerence E. Fretheim. 264 1$aCinisello Balsamo :$bEdizioni Paoline,$c1987. 300 $a227 p. ;$c21 cm 490 1 $aFame e sete della Parola ;$v7 650 4$aBibbia. Antico Testamento - Commentari, studi, critica, interpretazioni.$0(OLS)http://semarc/subject/2 650 4$aBibbia - AT - Meditazioni.$0(OLS)http://semarc/subject/20638 830 0$aFame e sete della Parola ;$v7.$0(OLS)http://semarc/title/6402 850 $aSeMil 852 $aSeMil$W1$xVenegono$y1$m2Z III 198$j210758$B223467$CSeMilBibl$Z2$F223467 $81 961 $aLascito don Giuseppe Prina 996 $6020$a88-215-1288-6$9(OLS)http://semarc/number/285430 996 $6245$aIl Dio compromesso : $buna meditazione sull'Antico Testamento$9(OLS)http://semarc/title/419378 996 $6264$aCinisello Balsamo :$bEdizioni Paoline$9(OLS)http://semarc/publisher/36103